La misión de la pedagogía /

Guardado en:
Autor Principal: Zanotti, Luis Jorge
Formato: Libro
Publicado: Buenos Aires : Columba, 1967
Materias:
Etiquetas: Agregar Etiqueta
Sin Etiquetas, Sea el primero en etiquetar este registro!
LEADER 00629nam a22001935a 4500
001 CEM.cems006996
005 20060214000000.0
008 130507s1967##################000#0#####d
003 CEMS
082 0 4 |a 371 
100 1 |a Zanotti, Luis Jorge 
245 1 0 |a La misión de la pedagogía / 
260 |a Buenos Aires :  |b Columba,  |c 1967 
300 |a 160 p. 
505 0 |a La misi¢n de la pedagog¡a.- Concepto de educaci¢n y de esuela.-La educaci¢n continua.- El desarrollo en lo cultural.- 
653 |a Catolicismo 
653 |a Religion 
653 |a Sociologia de la educacion 
859 |a CEMS  |b BIB. CEMS - 11 de abril  |h 371  |i Z17  |p 8177.80  |t Ej.1